Maravillas de Fátima : apariciones, culto, milagros /

El P. Luis Gonzaga de Fonseca, S.J., ofrece en estas páginas un fiel relato de las apariciones, culto y milagros de la Virgen de la "Cova de Iría", Nuestra Señora de Fátima.

Guardado en:
Bibliografiske detaljer
Hovedforfatter: Gonzaga de Fonseca, Luis (autor)
Format: Bog
Sprog:spansk
Udgivet: Buenos Aires, Argentina : Difusión, 1946, c1946
Serier:(Mariana ; 3)
Fag:
Tags: Tilføj Tag
Ingen Tags, Vær først til at tagge denne postø!

MARC

LEADER 00000nam^a2200000^a^4500
001 000111715
005 20250521000000.0
009 20260310093841.097
037 |a Acervo ITESO - Biblioteca 
041 |a ESP 
082 |a 232. 917  |b GON 
100 |a Gonzaga de Fonseca, Luis  |e (autor) 
245 1 0 |a Maravillas de Fátima :  |b apariciones, culto, milagros /  |c L. Gonzaga de Fonseca ; tr. por Facundo Jiménez. 
264 4 |a Buenos Aires, Argentina :  |b Difusión,  |c 1946, c1946 
300 |a 269 p. 
336 |a texto  |b txt  |2 rdacontenido 
337 |a sin mediación  |b n  |2 rdamedio 
338 |a volumen  |b nc  |2 rdasoporte 
440 1 |a (Mariana ;  |v 3) 
520 |a El P. Luis Gonzaga de Fonseca, S.J., ofrece en estas páginas un fiel relato de las apariciones, culto y milagros de la Virgen de la "Cova de Iría", Nuestra Señora de Fátima. 
649 |a XX 
650 |a Virgen de Fátima -  |x Apariciones y Milagros -  |x Historia 
650 |a Virgen de Fátima -  |z Portugal -  |x Culto -  |x Historia 
650 |a Virgen de Fátima -  |x Culto -  |x Historia 
650 |a Virgen María -  |x Apariciones y Milagros -  |x Historia 
650 |a Virgen María -  |x Culto -  |x Historia 
650 |a Culto Religioso -  |z Portugal -  |x Historia 
650 |a Iglesia Católica en Portugal -  |x Historia 
650 |a Catolicismo -  |x Historia 
650 |a Cristianismo -  |x Historia 
650 |a Religión -  |x Historia 
650 |a Portugal -  |x Historia -  |y Siglo XX 
910 |a Fondo Salvador Reynoso Reynoso 
920 |a Impresos - Libros 
930 |a Fondos Especiales 
905 |a 112 
901 |a 0800000937  |b IT2  |c ESP  |u 20250521 
902 |a https://opac.biblio.iteso.mx/vufind/Record/000111715